00289nam a2200121Ia 4500008004100000041000800041082001100049100001400060245003900074260003800113300000800151365000800159230511s1982 xx 000 0 und d aeng a344.01 aBagri P R aLaw Of Industrial Disputes Vol-I  aNew DelhibBharat Law Housec1982 a872 b930